Films de Xavier Dolan par images - Statistiques

Statistiques générales
  • Ce quiz a été pris 94 fois
  • Le résultat moyen est 5 sur 9
Statistiques - réponses
Par images Réponse % Correct
Mommy
95%
Juste la fin du monde
73%
Tom à la ferme
64%
Laurence Anyways
61%
J'ai tué ma mère
52%
Les Amours imaginaires
51%
Matthias et Maxime
36%
Ma vie avec John F. Donovan
24%
La Nuit où Laurier Gaudreault s'est réveillé
13%
Aucun quiz correspondant
Distribution des résultats
% des personnes avec chaque résultat
Percentile par nombre de réponses
Votre historique - résultats
Vous n’avez pas pris ce quiz